| 000 | 00413nam a22001457a 4500 | ||
|---|---|---|---|
| 008 | 160907b xxu||||| |||| 00| 0 eng d | ||
| 050 | _aQ125.H287 | ||
| 100 |
_aHarman, P.M. _925602 |
||
| 245 |
_aThe Scientific Revolution _cP.M. Harman |
||
| 260 |
_aLondon _bMethuen _c1983 |
||
| 300 |
_avii, 35p. ; _c22cm. |
||
| 440 |
_aLancaster pamphlets _96010 |
||
| 650 |
_aScience _xHistory _925603 |
||
| 942 |
_2lcc _cMONOGRAPH |
||
| 999 |
_c125186 _d125186 |
||